| 000 | 00722nam a2200229 i 4500 | ||
|---|---|---|---|
| 001 | bg | ||
| 245 | 1 | 0 |
_aKolebanija mašin, konstrukcij i ich elementov / _cpod red. _nF. M. Diment"erga, K. S. Kolesnikova. |
| 260 |
_aMoskva : _b"Mašinostroenije", _c1980. |
||
| 300 |
_a544 s. : _brys., wykr. ; _c22 cm. |
||
| 490 | 1 |
_aVibracii v Technike : spravočnik v 6 tomach ; _vt.3 |
|
| 504 | _aBibliogr. przy rozdz. - Indeks. | ||
| 650 | 9 | _aDrgania | |
| 650 | 9 |
_aMaszyny _xmechanika |
|
| 700 | 1 |
_aDIMENT"ERG, F. M. _eRed. |
|
| 700 | 1 | _aKOLESNIKOV, K. S. | |
| 830 | 0 |
_aVibracii v Technike ; _vt.3 |
|
| 040 | _cBPK | ||
| 041 | 0 | _aru | |
| 080 | _a62-1/-8:534](083) | ||
| 942 | _cKS | ||
| 008 | s pl f |000 0 pol | ||
| 999 |
_c35872 _d35872 |
||
| 856 |
_uhttp://koha.tu.koszalin.pl/cgi-bin/koha/opac-detail.pl?biblionumber=35872 _yKatalog online BPK |
||